Prontuario de la teología moral del P. Fr. Francisco Larraga, reformado corregido é ilustrado con varias constituciones de Benedicto XIV, en especial del Solicitante in Confessione, del ayuno, etc. por el Convento de Santiago del Orden de Predicadores

Detalles Bibliográficos
Autor principal: Lárraga, Francisco s. XVIII
Otros Autores: Santos y Grosin, Francisco (Revisador)
Formato: Libro
Lenguaje:Spanish
Publicado: París 1848
Edición:Nueva edición, revista y dirigida por un antiguo catedrático de la Universidad literaria de Cervera, Doctor en ambos derechos, siendo mas correcta que las demás que han salido á luz hasta el día
Materias:
Colección:Banco de datos
Acervo:Biblioteca de la Congregación del Oratorio de San Felipe Neri de México. Iglesia La Profesa
Descripción Física:X, 872 p. 17 cm.
Tema general:Teología moral
Notas:Encuadernación en piel sobre cartón. Sello en tinta del Oratorio de San Felipe Neri de México. Biblioteca La Profesa, D.F. Daños en la encuadernación
LEADER 01287nam a22002050004500
035 |a 2346 
041 0 |a spa 
100 1 |a Lárraga, Francisco  |d s. XVIII 
245 1 0 |a Prontuario de la teología moral del P. Fr. Francisco Larraga, reformado corregido é ilustrado con varias constituciones de Benedicto XIV, en especial del Solicitante in Confessione, del ayuno, etc. por el Convento de Santiago del Orden de Predicadores  |c por D. Francisco Santos y Grosin, presbítero y profesor de teología 
250 |a Nueva edición, revista y dirigida por un antiguo catedrático de la Universidad literaria de Cervera, Doctor en ambos derechos, siendo mas correcta que las demás que han salido á luz hasta el día 
260 |a París  |b librería de A. Bouret y Morel  |c 1848 
300 |a X, 872 p.  |c 17 cm. 
500 |a Encuadernación en piel sobre cartón. Sello en tinta del Oratorio de San Felipe Neri de México. Biblioteca La Profesa, D.F. Daños en la encuadernación 
504 |a Índice de los tratados y parráfos 
650 1 0 |a Teología moral 
700 1 |a Santos y Grosin, Francisco  |e rev. 
949 |a Iglesia La Profesa, Biblioteca 4453 
942 |c PROFESA 
943 |g Biblioteca de la Congregación del Oratorio de San Felipe Neri de México. Iglesia La Profesa 
999 |c 949157  |d 949157